Memoria descriptiva del anteproyecto del camino de hierro desde el empalme en la ciudad de Manresa con la linea de Barcelona a Zaragoza por Artés y Ripoll a San Juan de las Abadesas / por Juan Bautista Perera
Descripción Física:
10 p. ; 26 cm
MARC
| LEADER | 00000nam a2200000Ia 4500 | ||
|---|---|---|---|
| 001 | 16403 | ||
| 008 | 160829s1861 xx 000 0 cat d | ||
| 080 | |a RF-16-42 | ||
| 100 | |a Bautista Perera, Juan |9 47227 | ||
| 245 | |a Memoria descriptiva del anteproyecto del camino de hierro desde el empalme en la ciudad de Manresa con la linea de Barcelona a Zaragoza por Artés y Ripoll a San Juan de las Abadesas / por Juan Bautista Perera | ||
| 260 | |a Madrid : |b Imp. y estereotipia de M. Rivadeneyra, |c 1861 | ||
| 300 | |a 10 p. ; |c 26 cm | ||
| 590 | |a Prové de 931, exp. 6 | ||
| 650 | |a Ferrocarrils |x Construcció |x Catalunya |x S. XIX |9 47228 | ||
| 856 | 4 | |u https://media.diba.cat/diba/fitxers/arxiu/fulletons/bib_16403_1861_baixa.pdf |y Accés lliure | |
| 856 | 4 | |u https://media.diba.cat/diba/fitxers/arxiu/fulletons/bib_16403_1861_baixa.pdf |y Accés lliure | |
| 901 | |a Arxiu | ||
| 942 | |n 1 |2 udc | ||
| 952 | |0 0 |1 0 |4 0 |6 RF1642 |7 1 |9 53761 |a Arxiu |b Arxiu |d 2016-12-01 |l 0 |o RF-16-42 |p 16403 |r 2016-12-01 00:00:00 |w 2016-12-01 |y ARXIU | ||
| 999 | |c 57627 |d 57627 | ||
| 900 | |a bib_16403_1861_baixa.pdf | ||